00606nam a22001817a 450000500170000001000170001702000260003403500170006003700210007708200130009824500940011126000410020527000630024630000310030950000200034060000440036070000200040420101030111014.0 aB-412960-962 a9780195699654c695.00 aB-412960-962 bUppal Book Store a301.153  aThe philosophy of Mahatma Gandhi for the twenty-first century /cedited by Douglas Allen  aNew Delhi bOxford University c2009 aYMCA Library Building, Jai Singh Road,bNew Delhi e110001 axviii, 263p :c23 cm. (Hb) aIncludes index  aGandhi, Mahatma,d1869-1948xPhilosophy aAllen, Douglas